<U+00BF>Que es la gestin̤ de proyectos?
Una introduccin̤ acerca de la gestin̤ de proyectos enfatizando en la importancia de la planeacin̤ en beneficio de la productividad eficiente en todos los sectores empresariales, metodologa̕s e historia.
Uloženo v:
| Další autoři: | |
|---|---|
| Médium: | Kniha |
| Jazyk: | španělština |
| Témata: | |
| On-line přístup: | <U+00BF>Que es la gestin̤ de proyectos? |
| Tagy: |
Přidat tag
Žádné tagy, Buďte první, kdo vytvoří štítek k tomuto záznamu!
|
MARC
| LEADER | 00000nam a22000004a 4500 | ||
|---|---|---|---|
| 001 | vpro14798 | ||
| 005 | 20201223000000.0 | ||
| 008 | 190703s2019 ck # g## #001 0#spa#d | ||
| 020 | |||
| 022 | |||
| 040 | |a CO-BoINGC | ||
| 041 | 0 | |a spa | |
| 245 | 1 | 0 | |a <U+00BF>Que es la gestin̤ de proyectos? |
| 246 | |a What does project management mean? | ||
| 264 | |a Bogot ̀(Colombia) : |b Revista VirtualPRO, |c 2019 | ||
| 520 | 3 | |a Una introduccin̤ acerca de la gestin̤ de proyectos enfatizando en la importancia de la planeacin̤ en beneficio de la productividad eficiente en todos los sectores empresariales, metodologa̕s e historia. | |
| 650 | \ | \ | |a Gestin̤ de proyectos |
| 650 | \ | \ | |a Project management |
| 650 | \ | \ | |a Gestin̤ de proyectos |
| 650 | \ | \ | |a Administracin̤ |
| 650 | \ | \ | |a Project management |
| 650 | \ | \ | |a Management |
| 700 | \ | \ | |a YouTube |
| 856 | |z <U+00BF>Que es la gestin̤ de proyectos? |u https://virtualpro.unach.elogim.com/biblioteca/-que-es-la-gestion-de-proyectos- | ||